000 02583cam a22004934i 4500
003 PE-LiUPU
005 20250731183428.0
008 150706s2011 r 000 0 d
020 _a9788437627526
035 _a(Sirsi) i9788437627526
040 _aPE-LiUPU
_bspa
_cPE-LiUPU
_erda
049 _aPRUA
082 0 4 _a740
_bD
_221
245 0 1 _aDibujo y construcción de la realidad :
_barquitectura, proyecto, diseño, ingeniería, dibujo técnico /
_cCabezas, Lino.
264 1 _aMadrid :
_bCátedra,
_c2011 .
300 _a361 páginas :
_bilustraciones ;
_c24 cm .
336 _atext
_2rdacontent
337 _aunmediated
_2rdamedia
338 _avolume
_2rdacarrier
490 0 _aDibujo y profesión ;
_v2
504 _aIncluye bibliografía.
505 0 _aDibujo y construcción. -Dibujo y técnica: el dibujo útil -- Arquitectura y pensamiento gráfico -- Tradiciones figurativas de la arquitectura -- Representación técnica -- Procesos, técnicas y tecnologías -- Monumento y dibujo -- Imaginar el jardín -- Fotografía y proyecto -- El proyecto digital .
526 _aP158
526 _aP146
526 _aP17
526 _aP12
526 _aP06
541 _g001-0033603;
541 _g001-003517;
541 _g015-0016383;
650 0 4 _aDibujo.
700 1 _aCabezas, Lino,
_ecoord.
700 1 _aCopón, Miguel.
910 _agl
_bjv
_cng
_d20111005
942 _2ddc
_cBOOK
949 _a740 D
_wDEWEY
_c1
_i63746
_lCCODEBUL1
_mBUL
_p54.00
_r0
_sY
_tBOOK
_u2015-7-6
_xINGENIERIA
_PP06
_o.STAFF. Colección General
949 _a740 D
_wDEWEY
_c2
_i64722
_lCCODEBUL1
_mBUL
_p45.00
_r0
_sY
_tBOOK
_u2015-7-6
_xINGENIERIA
_PP06
_o.STAFF. Colección General
949 _a740 D
_wDEWEY
_c3
_i69706
_lCCODEBUL1
_mBUL
_p51.00
_r0
_sY
_tBOOK
_u2015-7-6
_xINGENIERIA
_PP06
_o.STAFF. Colección General
994 _aC0
_bPEPRU
596 _a1
999 _a740 D
_wDEWEY
_c52642
_i63746
_f2021-11-10
_g6
_lCCODEBUL1
_mBUL
_p54.00
_r0
_sY
_tBOOK
_u2015-7-6
_xINGENIERIA
_PP06
_0COMPRA
_o.STAFF. Colección General
_d52642
999 _a740 D
_wDEWEY
_c2
_i64722
_f2021-11-10
_g7
_lCCODEBUL1
_mBUL
_p45.00
_r0
_sY
_tBOOK
_u2015-7-6
_xINGENIERIA
_PP06
_0COMPRA
_o.STAFF. Colección General
999 _a740 D
_wDEWEY
_c3
_i69706
_d2016-2-3
_e2016-2-2
_f2021-11-10
_g7
_lCCODEBUL1
_mBUL
_n1
_p51.00
_r0
_sY
_tBOOK
_u2015-7-6
_xINGENIERIA
_PP06
_0COMPRA
_o.STAFF. Colección Ingenieria y Arquitectura
980 _81
_gALBERTO SANCHEZ Responsable de Automatización